000 00969nam a22002417a 4500
008 240702b mp ||||| |||| 00| 0 mon d
035 _a17856
040 _aSU1322070
_bmon
_cMN-UlNLM
_dMN-UlNLM
_erda
041 _amon
042 _a45168
084 _2NNA
_a84.8(7АНУ)
_bК.414
100 _aКинни Ж.
245 0 _aДүрсгүй жаалын өдрийн тэмдэглэл 2
264 _aУлаанбаатар
_bЦэнхэр гүзээзлгэнэ
_c2018
300 _a224х.
336 _2rdacontent
_atext
_btxt
337 _2rdamedia
_aunmediated
_bn
338 _2rdacarrier
_avolume
_bnc
490 _aDIARY of a Wimpy Kid
_v2
650 _aТус бүтээл нь уран зохиолын ном болно. Зохиолд гарч буй нэр, дүр, газар, тохиолдлууд нь зохиолчийн уран бүтээлээс үүдэлтэй бөгөө...
942 _2NNA
_cBK
999 _c1074922
_d1074979